Pierwsze państwa Afrykańskie które odzyskały niepodległość - Statystyki

Ogólne statystyki
  • Ten quiz został rozwiązany 134 razy
    112 od ostatniego zresetowania
  • Średni wynik to 7 z 10
Statystyki odpowiedzi
Wskazówka Odpowiedź % Poprawnych
1922 Egipt
94%
1910 Południowa Afryka
94%
1956 Maroko
84%
1941 Etiopia
83%
1951 Libia
74%
1956 Sudan
72%
1956 Tunezja
65%
1847 Liberia
64%
1957 Ghana
49%
1958 Gwinea
47%
Nie znaleziono quizów pasujących do podanych kryteriów
Rozkład punktacji
Procent ludzi z każdym wynikiem
Percentyl według liczby udzielonych odpowiedzi
Twoja historia wyników
Nie rozwiązałeś tego quizu od ostatniego zresetowania